Statistics for Trees by Leaves

Click here to take the quiz!

General Stats

  • This quiz has been taken 33 times
  • The average score is 7 of 16

Answer Stats

Answer% Correct
Maple
100%
Oak
96%
Willow
63%
Ash
54%
Aspen
50%
Sycamore
50%
Birch
42%
Cherry
42%
Fig
42%
Japanese Maple
42%
Magnolia
33%
Walnut
33%
Ginko
21%
Catalpa
17%
Mimosa
13%
Lindon
4%

Score Distribution

Percentile by Number Answered

Percent of People with Each Score

Your Score History

You have not taken this quiz